[Event "ENCI Limburg-open A"]
[Site "Maastricht"]
[Date "2009.05.30"]
[Round "3"]
[White "Van Es, Gerard"]
[Black "Ernst, Sipke"]
[Result "0-1"]
[WhiteElo "2084"]
[BlackElo "2582"]
[PlyCount "62"]
[EventDate "2009.05.29"]
[EventType "swiss"]
[EventRounds "7"]
[EventCountry "NED"]
[Source "P.Boonen"]
[SourceDate "2010.01.01"]

1. e4 e5 2. Nf3 Nc6 3. Bb5 a6 4. Ba4 Nf6 5. d3 d6 6. c3 Bd7 7. Nbd2 g6 8. Qe2
Bg7 9. Bc2 O-O 10. Nf1 Nh5 11. h3 b5 12. a4 b4 13. a5 Rb8 14. Ne3 Nf4 15. Qf1
bxc3 16. bxc3 d5 17. g3 dxe4 18. dxe4 Ne6 19. Ba3 Re8 20. Ba4 Ncd4 21. Nxd4
exd4 22. Bxd7 dxe3 23. Qd3 Bf8 24. Qd1 Qf6 25. O-O Rbd8 26. Qa4 Bxa3 27. Bxe6
Qxe6 28. Qxa3 Qxh3 29. c4 exf2+ 30. Rxf2 Rd7 31. Rh2 Qg4 0-1

[Event "ENCI Limburg-open A"]
[Site "Maastricht"]
[Date "2009.05.30"]
[Round "3"]
[White "Van Gool, Henk"]
[Black "Schlawin, Marlon"]
[Result "1-0"]
[WhiteElo "2125"]
[BlackElo "2316"]
[PlyCount "63"]
[EventDate "2009.05.29"]
[EventType "swiss"]
[EventRounds "7"]
[EventCountry "NED"]
[Source "P.Boonen"]
[SourceDate "2010.01.01"]

1. d4 e6 2. Nf3 f5 3. Bg5 Nf6 4. Nbd2 d5 5. e3 Bd6 6. c4 c6 7. a3 Nbd7 8. Bd3
O-O 9. cxd5 cxd5 10. Qc2 Qe8 11. O-O Nh5 12. g3 h6 13. Bf4 Nxf4 14. exf4 Qh5
15. Qd1 g5 16. Ne5 Qxd1 17. Rfxd1 gxf4 18. gxf4 Nf6 19. Kg2 Bd7 20. Kf3 Be8 21.
Rg1+ Kh7 22. h3 Rc8 23. Ke3 a6 24. Ndf3 Bb5 25. Rac1 Bxd3 26. Nxd3 Ne4 27. Nfe5
Rg8 28. Nf7 Be7 29. Rxg8 Rxg8 30. Rc7 Bh4 31. Ng5+ Kh8 32. Rh7# 1-0

[Event "ENCI Limburg-open A"]
[Site "Maastricht"]
[Date "2009.05.30"]
[Round "3"]
[White "Vrancken, Gilbert"]
[Black "Driessens, Patrick"]
[Result "0-1"]
[WhiteElo "2094"]
[BlackElo "2281"]
[PlyCount "84"]
[EventDate "2009.05.29"]
[EventType "swiss"]
[EventRounds "7"]
[EventCountry "NED"]
[Source "P.Boonen"]
[SourceDate "2010.01.01"]

1. e4 e6 2. d4 d5 3. e5 c5 4. c3 Qb6 5. Nf3 Bd7 6. a4 cxd4 7. cxd4 Nc6 8. Nc3
Nge7 9. Bd3 Nxd4 10. Nxd4 Qxd4 11. O-O Qxe5 12. Kh1 a6 13. f4 Qd6 14. Be3 Nc6
15. Qe2 Nb4 16. Bd4 Nxd3 17. Qxd3 f6 18. Rae1 Be7 19. b4 Rc8 20. Bc5 Qc6 21.
Nxd5 Bxc5 22. bxc5 Qxc5 23. f5 e5 24. Qb3 Bc6 25. Rc1 Qf8 26. Rxc6 Rxc6 27.
Qxb7 Qc5 28. Rd1 Qxd5 29. Qb8+ Ke7 30. Qb7+ Kd6 31. Rxd5+ Kxd5 32. Qd7+ Kc5 33.
Qxg7 Rd8 34. Qe7+ Rdd6 35. h3 Kd4 36. Qxh7 e4 37. Qa7+ Kd3 38. Kg1 e3 39. Qb7
Rb6 40. Qf3 Kd2 41. Qf4 Rd3 42. h4 a5 0-1

[Event "ENCI Limburg-open A"]
[Site "Maastricht"]
[Date "2009.05.31"]
[Round "4"]
[White "Beijerinck, Nick"]
[Black "Heltzel, Joost"]
[Result "1-0"]
[WhiteElo "1985"]
[BlackElo "2267"]
[PlyCount "69"]
[EventDate "2009.05.29"]
[EventType "swiss"]
[EventRounds "7"]
[EventCountry "NED"]
[Source "P.Boonen"]
[SourceDate "2010.01.01"]

1. e4 c5 2. Nf3 g6 3. d4 cxd4 4. Nxd4 Nc6 5. Nc3 Bg7 6. Be3 Nf6 7. Nxc6 bxc6 8.
e5 Ng8 9. f4 Qa5 10. Qd3 f6 11. Be2 fxe5 12. f5 e4 13. Qc4 Bb7 14. Qb3 O-O-O
15. O-O-O gxf5 16. Na4 Bh6 17. Bxh6 Nxh6 18. Rd4 d5 19. Rb4 Rd7 20. Qc3 d4 21.
Qc5 Qxc5 22. Nxc5 Rc7 23. Bc4 a5 24. Rb3 Kb8 25. Na6+ Kc8 26. Be6+ Kd8 27. Nc5
Ke8 28. Nxb7 Kf8 29. Nc5 Kg7 30. Bxf5 Nxf5 31. Ne6+ Kf6 32. Nxc7 Rc8 33. Na6
Ne3 34. Rb8 Rxb8 35. Nxb8 1-0

[Event "ENCI Limburg-open A"]
[Site "Maastricht"]
[Date "2009.05.31"]
[Round "4"]
[White "Beukema, Stefan"]
[Black "Broekmeulen, Jasper"]
[Result "0-1"]
[WhiteElo "2009"]
[BlackElo "2318"]
[PlyCount "154"]
[EventDate "2009.05.29"]
[EventType "swiss"]
[EventRounds "7"]
[EventCountry "NED"]
[Source "P.Boonen"]
[SourceDate "2010.01.01"]

1. e4 c5 2. Nf3 d6 3. d4 cxd4 4. Nxd4 Nf6 5. Nc3 a6 6. Bg5 e6 7. f4 Qc7 8. Qf3
b5 9. Bxf6 gxf6 10. Bd3 Nd7 11. Qh5 Qc5 12. Qxc5 dxc5 13. Nf3 c4 14. Be2 Bb7
15. Nd2 Bc5 16. a4 b4 17. Nd1 f5 18. Bf3 c3 19. bxc3 bxc3 20. Nxc3 Bb4 21. Rb1
Bxc3 22. Rxb7 fxe4 23. Bxe4 Nc5 24. Bc6+ Kf8 25. Ke2 Nxb7 26. Bxb7 Ra7 27. Rb1
Ke7 28. Be4 Rd8 29. Nf3 h6 30. Bd3 Rd5 31. Rb3 Bf6 32. Rb4 Rc7 33. Nd2 a5 34.
Re4 Bc3 35. Nb3 Rh5 36. h3 Rd5 37. g4 Bb4 38. Bc4 Rd6 39. f5 Rdc6 40. Bd3 Kf6
41. Nd4 Rb6 42. fxe6 fxe6 43. Rf4+ Ke7 44. Nb5 Rc5 45. Re4 Kf6 46. Bc4 Re5 47.
Kd3 Rc6 48. Rf4+ Kg5 49. Rf3 Rc8 50. c3 Bc5 51. Kc2 Rd8 52. Nc7 Rd6 53. Nxe6+
Kh4 54. Rf5 Rxf5 55. gxf5 Be3 56. f6 Rd2+ 57. Kb3 Rf2 58. Nc7 Rxf6 59. Nd5 Rf3
60. Nxe3 Rxe3 61. Bd5 Kxh3 62. Kc4 Kg4 63. Kd4 Kf4 64. c4 Ra3 65. Bc6 Ra1 66.
c5 Rd1+ 67. Kc4 Ke5 68. Bf3 Rb1 69. Bc6 h5 70. Bf3 h4 71. Bc6 h3 72. Bd7 h2 73.
Bc6 Rb4+ 74. Kc3 Rxa4 75. Bxa4 h1=Q 76. c6 Qa1+ 77. Kb3 Qb1+ 0-1

[Event "ENCI Limburg-open A"]
[Site "Maastricht"]
[Date "2009.05.31"]
[Round "4"]
[White "Bus, Tom"]
[Black "Van Es, Gerard"]
[Result "0-1"]
[WhiteElo "2225"]
[BlackElo "2084"]
[PlyCount "100"]
[EventDate "2009.05.29"]
[EventType "swiss"]
[EventRounds "7"]
[EventCountry "NED"]
[Source "P.Boonen"]
[SourceDate "2010.01.01"]

1. c4 d6 2. g3 Nf6 3. Bg2 c6 4. Nc3 Nbd7 5. e4 e5 6. Nge2 Nc5 7. d4 exd4 8.
Nxd4 a5 9. h3 g6 10. O-O Bg7 11. Be3 O-O 12. Qc2 Re8 13. Rad1 Qc7 14. Kh2 h5
15. Nde2 Be6 16. b3 Rad8 17. Rd2 Bc8 18. Rfd1 h4 19. Bf4 hxg3+ 20. fxg3 Bf8 21.
g4 Ne6 22. Bg3 Qb6 23. Na4 Qe3 24. Rd3 Qh6 25. Kg1 b5 26. cxb5 cxb5 27. Nb6 Nc5
28. Rd4 Ne6 29. R4d3 Bb7 30. e5 Bxg2 31. Kxg2 dxe5 32. Rxd8 Nxd8 33. Qd2 Qg7
34. Nc3 b4 35. Ncd5 Ne4 36. Qd3 Nxg3 37. Qxg3 Ne6 38. g5 Nf4+ 39. Nxf4 exf4 40.
Qxf4 Re2+ 41. Kf1 Re5 42. Nd5 Rf5 43. Qxf5 gxf5 44. Nf6+ Kh8 45. Rd8 Qxg5 46.
Rxf8+ Kg7 47. Rg8+ Kxf6 48. Rxg5 Kxg5 49. Kf2 Kf4 50. Kg2 Ke3 0-1

[Event "ENCI Limburg-open A"]
[Site "Maastricht"]
[Date "2009.05.31"]
[Round "4"]
[White "Dek, Lennart"]
[Black "Lagrain, Jan"]
[Result "1-0"]
[WhiteElo "2179"]
[BlackElo "2067"]
[PlyCount "87"]
[EventDate "2009.05.29"]
[EventType "swiss"]
[EventRounds "7"]
[EventCountry "NED"]
[Source "P.Boonen"]
[SourceDate "2010.01.01"]

1. e4 g6 2. d4 Bg7 3. Be3 c6 4. Nc3 d5 5. f3 Nf6 6. e5 Ng8 7. Qd2 b6 8. h4 e6
9. h5 Ba6 10. Bg5 Qd7 11. Bxa6 Nxa6 12. Rd1 h6 13. Be3 g5 14. Qd3 Nc7 15. f4
gxf4 16. Bxf4 O-O-O 17. Nce2 Ne7 18. Nf3 Rhg8 19. Kd2 Kb7 20. Kc1 c5 21. c3 Qa4
22. Kb1 c4 23. Qd2 b5 24. Rhg1 Rh8 25. g4 Rb8 26. g5 Ka8 27. a3 b4 28. cxb4 Nb5
29. Ne1 c3 30. Nxc3 Nxa3+ 31. bxa3 Qxa3 32. Na2 Qb3+ 33. Ka1 Rhc8 34. Rb1 Qa4
35. Qd1 Qb5 36. Nd3 Nf5 37. Nc5 hxg5 38. Bxg5 Qc4 39. Rc1 Qxd4+ 40. Qxd4 Nxd4
41. Nd7 Nb3+ 42. Kb1 Nxc1 43. Bxc1 Rh8 44. Rxg7 1-0

[Event "ENCI Limburg-open A"]
[Site "Maastricht"]
[Date "2009.05.31"]
[Round "4"]
[White "Doggers, Peter"]
[Black "Schleipfenbauer, Frank"]
[Result "0-1"]
[WhiteElo "2279"]
[BlackElo "2040"]
[PlyCount "72"]
[EventDate "2009.05.29"]
[EventType "swiss"]
[EventRounds "7"]
[EventCountry "NED"]
[Source "P.Boonen"]
[SourceDate "2010.01.01"]

1. e4 c5 2. Nf3 d6 3. d4 cxd4 4. Nxd4 Nf6 5. Nc3 a6 6. Bg5 e6 7. f4 Qc7 8. Qe2
Nbd7 9. O-O-O b5 10. g4 Bb7 11. Bg2 Be7 12. a3 Rc8 13. Bh4 Nb6 14. g5 Nfd7 15.
f5 e5 16. Nd5 Nxd5 17. exd5 exd4 18. f6 Ne5 19. Rxd4 O-O 20. fxe7 Qxe7 21. g6
Qc7 22. gxh7+ Kh8 23. Bh3 Rce8 24. Rg1 f6 25. Be1 Bc8 26. Bxc8 Rxc8 27. Bc3 Qd7
28. Qe4 Qh3 29. Bb4 Qxh2 30. Rf1 Rfd8 31. Rd2 Qh6 32. b3 Qg6 33. Qe3 Re8 34.
Bxd6 Rxc2+ 35. Rxc2 Nd3+ 36. Kb1 Rxe3 0-1

[Event "ENCI Limburg-open A"]
[Site "Maastricht"]
[Date "2009.05.31"]
[Round "4"]
[White "Ducarmon, Quinten"]
[Black "Hetey, Laszlo"]
[Result "1-0"]
[WhiteElo "2153"]
[BlackElo "2347"]
[PlyCount "85"]
[EventDate "2009.05.29"]
[EventType "swiss"]
[EventRounds "7"]
[EventCountry "NED"]
[Source "P.Boonen"]
[SourceDate "2010.01.01"]

1. e4 e5 2. Nf3 Nc6 3. Bb5 a6 4. Ba4 Nf6 5. Qe2 Be7 6. O-O b5 7. Bb3 O-O 8. c3
d6 9. Rd1 Na5 10. Bc2 c5 11. d4 Qc7 12. d5 Nd7 13. b3 Nb6 14. h3 f5 15. exf5
Bxf5 16. Be4 c4 17. b4 Nb7 18. Nbd2 g6 19. g4 Bd7 20. Nf1 Na4 21. Qc2 Rf6 22.
Kg2 a5 23. a3 Rc8 24. Ng3 Be8 25. g5 Rf7 26. h4 Rg7 27. Rh1 axb4 28. axb4 Bd8
29. h5 gxh5 30. Nxh5 Bxh5 31. Rxh5 Qf7 32. Rh3 Bb6 33. Bd2 Rc7 34. Rah1 Kf8 35.
Rxh7 Rxh7 36. Rxh7 Qg8 37. Rxc7 Bxc7 38. g6 Ke8 39. Ng5 Bd8 40. Ne6 Bf6 41. Qd1
Nb6 42. Qh5 Nd8 43. g7+ 1-0

[Event "ENCI Limburg-open A"]
[Site "Maastricht"]
[Date "2009.05.31"]
[Round "4"]
[White "Ernst, Sipke"]
[Black "Koenig, Christian"]
[Result "1-0"]
[WhiteElo "2582"]
[BlackElo "2140"]
[PlyCount "78"]
[EventDate "2009.05.29"]
[EventType "swiss"]
[EventRounds "7"]
[EventCountry "NED"]
[Source "P.Boonen"]
[SourceDate "2010.01.01"]

1. d4 e6 2. Nf3 f5 3. g3 Nf6 4. Bg2 Be7 5. O-O O-O 6. c4 c6 7. b3 a5 8. Ba3
Bxa3 9. Nxa3 Qe7 10. Qc1 d6 11. c5 dxc5 12. Qxc5 Qxc5 13. dxc5 Na6 14. Rfc1 Nd7
15. Nc4 Naxc5 16. Nd6 h6 17. Rc2 Na6 18. Rd2 Nb6 19. Ne5 Kh7 20. Rd4 Nc7 21.
Rc1 Nb5 22. Nxb5 cxb5 23. e3 a4 24. b4 Rb8 25. Bf1 Nc4 26. Nxc4 bxc4 27. Rcxc4
b5 28. Rc7 Rb7 29. Rc5 Rb8 30. f4 Re8 31. a3 Rb6 32. h4 h5 33. Kf2 Rb8 34. Rc7
Rb7 35. Rdd7 Rxc7 36. Rxc7 Ba6 37. Ra7 Bc8 38. Ke2 Rd8 39. Ra8 Re8 1-0

[Event "ENCI Limburg-open A"]
[Site "Maastricht"]
[Date "2009.05.31"]
[Round "4"]
[White "Fober, Jan"]
[Black "Kalla, Christian"]
[Result "0-1"]
[WhiteElo "1999"]
[BlackElo "1977"]
[PlyCount "65"]
[EventDate "2009.05.29"]
[EventType "swiss"]
[EventRounds "7"]
[EventCountry "NED"]
[Source "P.Boonen"]
[SourceDate "2010.01.01"]

1. d4 Nf6 2. Nf3 e6 3. c4 d5 4. g3 c5 5. cxd5 exd5 6. Bg2 Nc6 7. Nc3 Be7 8. O-O
Ne4 9. dxc5 Nxc3 10. bxc3 Bxc5 11. Bg5 f6 12. Bf4 O-O 13. Nd4 Bxd4 14. cxd4 Be6
15. Rc1 Rc8 16. Bd2 Re8 17. e3 Qd6 18. Qb3 Rc7 19. Rc2 Rec8 20. Rfc1 b6 21. a3
Qd7 22. h4 Ne7 23. Bb4 Rxc2 24. Rxc2 Rxc2 25. Qxc2 Qc6 26. Qb3 Nc8 27. Kh2 a5
28. Bd2 Nd6 29. Be1 Nc4 30. Bf1 b5 31. Bxa5 Nxa5 32. Qb4 Nc4 33. a4 0-1

[Event "ENCI Limburg-open A"]
[Site "Maastricht"]
[Date "2009.05.31"]
[Round "4"]
[White "Glimmerveen, Martin"]
[Black "Henrichs, Thomas"]
[Result "0-1"]
[WhiteElo "2064"]
[BlackElo "2500"]
[PlyCount "46"]
[EventDate "2009.05.29"]
[EventType "swiss"]
[EventRounds "7"]
[EventCountry "NED"]
[Source "P.Boonen"]
[SourceDate "2010.01.01"]

1. e4 g6 2. Nc3 Bg7 3. g3 c5 4. Bg2 Nc6 5. d3 d6 6. f4 Nf6 7. Nf3 O-O 8. O-O
Bg4 9. h3 Bxf3 10. Rxf3 Rb8 11. g4 b5 12. Rf2 b4 13. Ne2 Nd7 14. c3 Qb6 15. f5
bxc3 16. bxc3 Qa6 17. d4 Qc4 18. e5 cxd4 19. exd6 d3 20. dxe7 Nxe7 21. Ba3 dxe2
22. Qxd7 Qxc3 23. Bb2 e1=Q+ 0-1

[Event "ENCI Limburg-open A"]
[Site "Maastricht"]
[Date "2009.05.31"]
[Round "4"]
[White "Haast, Anne"]
[Black "Arun Prasad, S."]
[Result "0-1"]
[WhiteElo "2144"]
[BlackElo "2552"]
[PlyCount "42"]
[EventDate "2009.05.29"]
[EventType "swiss"]
[EventRounds "7"]
[EventCountry "NED"]
[Source "P.Boonen"]
[SourceDate "2010.01.01"]

1. e4 c5 2. Nf3 d6 3. d4 cxd4 4. Nxd4 Nf6 5. Nc3 a6 6. Be3 e6 7. g4 e5 8. Nf5
g6 9. g5 gxf5 10. exf5 d5 11. Qf3 d4 12. O-O-O Qd7 13. Bxd4 exd4 14. Bc4 Nc6
15. Rhe1+ Kd8 16. Be6 Qd6 17. Bxf7 Ne5 18. Rxe5 Qxe5 19. gxf6 Kc7 20. Nd5+ Kb8
21. Nb6 Bc5 0-1

[Event "ENCI Limburg-open A"]
[Site "Maastricht"]
[Date "2009.05.31"]
[Round "4"]
[White "Henris, Luc"]
[Black "Kunin, Vitaly"]
[Result "0-1"]
[WhiteElo "2265"]
[BlackElo "2533"]
[PlyCount "120"]
[EventDate "2009.05.29"]
[EventType "swiss"]
[EventRounds "7"]
[EventCountry "NED"]
[Source "P.Boonen"]
[SourceDate "2010.01.01"]

1. e4 c5 2. c3 d5 3. exd5 Qxd5 4. d4 Nf6 5. Nf3 e6 6. Na3 Qd8 7. Nc2 Be7 8. Bd3
Nbd7 9. Qe2 O-O 10. Bf4 cxd4 11. Ncxd4 Nc5 12. Bc2 Nd5 13. Bg3 Qe8 14. Rd1 b6
15. O-O Ba6 16. c4 Rc8 17. Rfe1 g6 18. Rc1 Nb7 19. Bb1 Bd6 20. b3 Bxg3 21. hxg3
Nf6 22. Ne5 Nd6 23. Qd2 Bb7 24. Qh6 Qe7 25. g4 Nfe4 26. f3 Qg5 27. Qh2 Nc5 28.
Rcd1 Rfd8 29. Kf2 Qf6 30. Rh1 Qg7 31. g5 Nf5 32. Qf4 Kf8 33. g4 Nxd4 34. Rxd4
Kg8 35. Rhd1 Rxd4 36. Rxd4 a5 37. a3 Rf8 38. b4 axb4 39. axb4 Na6 40. Nd7 Nxb4
41. Nf6+ Kh8 42. Qc7 Ba8 43. Be4 Bxe4 44. fxe4 h6 45. Rd8 Nc6 46. Rd1 Ra8 47.
Rh1 h5 48. gxh5 Qf8 49. hxg6+ Kg7 50. Nh5+ Kxg6 51. Nf4+ Kxg5 52. Rg1+ Kh6 53.
Qxc6 Ra2+ 54. Ne2 Qb8 55. Rh1+ Kg7 56. Rg1+ Kf6 57. Ke3 Qh2 58. Rf1+ Kg7 59.
Rf2 Ra3+ 60. Nc3 Qg3+ 0-1

[Event "ENCI Limburg-open A"]
[Site "Maastricht"]
[Date "2009.05.31"]
[Round "4"]
[White "Hilverda, Alexander"]
[Black "Springelkamp, Henriet"]
[Result "1-0"]
[WhiteElo "2197"]
[BlackElo "1981"]
[PlyCount "61"]
[EventDate "2009.05.29"]
[EventType "swiss"]
[EventRounds "7"]
[EventCountry "NED"]
[Source "P.Boonen"]
[SourceDate "2010.01.01"]

1. d4 d5 2. c4 e6 3. Nc3 Nf6 4. cxd5 exd5 5. Bg5 Be7 6. e3 c6 7. Qc2 Nbd7 8.
Bd3 O-O 9. Nge2 Re8 10. O-O Nf8 11. Rab1 b6 12. b4 Bb7 13. Rfc1 Bd6 14. h3 h6
15. Bh4 N8d7 16. e4 dxe4 17. Nxe4 Be7 18. Bg3 Nd5 19. Nd6 Bxd6 20. Bxd6 N7f6
21. Bh2 Qe7 22. Qb2 Ne4 23. Nf4 Ndf6 24. Bc4 Kh8 25. Nd3 Nd7 26. Re1 Qf6 27.
Ne5 Nxe5 28. dxe5 Qg6 29. Bd3 f5 30. exf6 gxf6 31. f3 1-0

[Event "ENCI Limburg-open A"]
[Site "Maastricht"]
[Date "2009.05.31"]
[Round "4"]
[White "Hoornstra, Hans"]
[Black "Lenhardt, Manfred"]
[Result "1/2-1/2"]
[WhiteElo "1933"]
[BlackElo "2148"]
[PlyCount "107"]
[EventDate "2009.05.29"]
[EventType "swiss"]
[EventRounds "7"]
[EventCountry "NED"]
[Source "P.Boonen"]
[SourceDate "2010.01.01"]

1. d4 d5 2. Nf3 Nf6 3. c3 c6 4. Bg5 Bf5 5. Bxf6 exf6 6. e3 Qb6 7. Qb3 Nd7 8.
Nbd2 Be7 9. Be2 O-O 10. Nh4 Qxb3 11. axb3 Be6 12. f4 g5 13. f5 gxh4 14. Bg4 Nc5
15. fxe6 Nxe6 16. Nf3 f5 17. Bxf5 Ng7 18. Bd3 f5 19. g3 hxg3 20. hxg3 Bd6 21.
Kf2 Rf6 22. c4 Rg6 23. Rh3 a5 24. c5 Bc7 25. b4 b6 26. cxb6 Bxb6 27. Ne5 Re6
28. Rh4 Bc7 29. bxa5 c5 30. Bb5 cxd4 31. exd4 Rb8 32. a6 Bxe5 33. dxe5 Rxb5 34.
a7 Rxb2+ 35. Kf1 Re8 36. a8=Q Rb1+ 37. Ke2 Rb2+ 38. Kd3 Rxa8 39. Rxa8+ Kf7 40.
Rh6 Rb3+ 41. Kd4 Ne6+ 42. Kxd5 Rb5+ 43. Kc4 Rc5+ 44. Kb4 Rxe5 45. Ra7+ Kg8 46.
Rhxh7 Re4+ 47. Kb5 f4 48. gxf4 Rxf4 49. Rhe7 Rf5+ 50. Kc6 Nf8 51. Kd6 Rf1 52.
Rg7+ Kh8 53. Rg2 Rf6+ 54. Ke5 1/2-1/2

[Event "ENCI Limburg-open A"]
[Site "Maastricht"]
[Date "2009.05.31"]
[Round "4"]
[White "In 't Veld, Daan"]
[Black "Smits, Sebastiaan"]
[Result "1/2-1/2"]
[WhiteElo "2168"]
[BlackElo "2157"]
[PlyCount "62"]
[EventDate "2009.05.29"]
[EventType "swiss"]
[EventRounds "7"]
[EventCountry "NED"]
[Source "P.Boonen"]
[SourceDate "2010.01.01"]

1. e4 c5 2. Nf3 d6 3. d4 cxd4 4. Nxd4 Nf6 5. Nc3 Nc6 6. Be2 e6 7. O-O Be7 8.
Be3 O-O 9. f4 a6 10. a4 Qc7 11. Kh1 Re8 12. Bf3 Rb8 13. Qd2 Bf8 14. Rad1 e5 15.
Nde2 exf4 16. Nxf4 Be6 17. Nxe6 fxe6 18. Qf2 Ne5 19. Bb6 Qe7 20. Be2 Rbc8 21.
Bd4 Nfd7 22. Qg3 g6 23. Rd2 Bh6 24. Be3 Bxe3 25. Qxe3 Nc4 26. Bxc4 Rxc4 27. Re1
Rc6 28. Ne2 Ne5 29. b3 Qh4 30. Qf4 Qe7 31. Qg3 Rec8 1/2-1/2

[Event "ENCI Limburg-open A"]
[Site "Maastricht"]
[Date "2009.05.31"]
[Round "4"]
[White "Kirkebo, Carl Peter"]
[Black "Pedersen, Nicolai Vesterbaek"]
[Result "0-1"]
[WhiteElo "2158"]
[BlackElo "2417"]
[PlyCount "62"]
[EventDate "2009.05.29"]
[EventType "swiss"]
[EventRounds "7"]
[EventCountry "NED"]
[Source "P.Boonen"]
[SourceDate "2010.01.01"]

1. e4 e5 2. Nf3 Nc6 3. Bb5 a6 4. Ba4 Nf6 5. O-O Be7 6. Re1 b5 7. Bb3 d6 8. c3
O-O 9. d4 Bg4 10. Be3 exd4 11. cxd4 d5 12. e5 Ne4 13. Nc3 Nxc3 14. bxc3 Qd7 15.
Bf4 Nd8 16. Qd3 Bf5 17. Qe3 Ne6 18. h3 Bg6 19. Bg3 c5 20. dxc5 Nxc5 21. Rad1
Nxb3 22. axb3 Bc2 23. Rd2 Bxb3 24. Nd4 Bc4 25. e6 fxe6 26. Nxe6 Rf7 27. Nc7 Rc8
28. Nxa6 Qf5 29. Qe5 Qg6 30. Nc7 Bg5 31. Rdd1 Rfxc7 0-1

[Event "ENCI Limburg-open A"]
[Site "Maastricht"]
[Date "2009.05.31"]
[Round "4"]
[White "Kuipers, Stefan"]
[Black "Spoelman, Wouter"]
[Result "0-1"]
[WhiteElo "2343"]
[BlackElo "2512"]
[PlyCount "98"]
[EventDate "2009.05.29"]
[EventType "swiss"]
[EventRounds "7"]
[EventCountry "NED"]
[Source "P.Boonen"]
[SourceDate "2010.01.01"]

1. d4 d5 2. c4 c6 3. Nf3 Nf6 4. e3 Bf5 5. Nc3 e6 6. Nh4 Be4 7. f3 Bg6 8. Nxg6
hxg6 9. g3 Nbd7 10. Bg2 Bb4 11. O-O O-O 12. Qb3 Qa5 13. Bd2 Nb6 14. a3 Bxc3 15.
Bxc3 dxc4 16. Bxa5 cxb3 17. Bxb6 axb6 18. Rac1 e5 19. Rfd1 Rfd8 20. Rc3 exd4
21. exd4 Rd6 22. Rxb3 b5 23. f4 Rad8 24. a4 bxa4 25. Rxb7 c5 26. d5 Nxd5 27.
Rxd5 Rxd5 28. Bxd5 Rxd5 29. Rb8+ Kh7 30. Ra8 Rd1+ 31. Kf2 Rd2+ 32. Ke3 Rxh2 33.
Rxa4 Rxb2 34. Ra7 Rb3+ 35. Kf2 f5 36. Rc7 Rc3 37. Rc8 Rc2+ 38. Kf3 c4 39. Ke3
Rc3+ 40. Kf2 Rc1 41. Kf3 c3 42. Kf2 g5 43. fxg5 Kg6 44. Rc7 c2 45. Kg2 Kh5 46.
Kh2 g6 47. Kg2 Kxg5 48. Rc6 Kh6 49. g4 f4 0-1

[Event "ENCI Limburg-open A"]
[Site "Maastricht"]
[Date "2009.05.31"]
[Round "4"]
[White "Laarhoven, Thijs"]
[Black "Brandenburg, Daan"]
[Result "0-1"]
[WhiteElo "2227"]
[BlackElo "2453"]
[PlyCount "52"]
[EventDate "2009.05.29"]
[EventType "swiss"]
[EventRounds "7"]
[EventCountry "NED"]
[Source "P.Boonen"]
[SourceDate "2010.01.01"]

1. e4 c5 2. Nf3 Nc6 3. d4 cxd4 4. Nxd4 Nf6 5. Nc3 d6 6. Be2 e5 7. Nb3 Be7 8.
O-O O-O 9. f4 a5 10. a4 Nb4 11. Be3 Be6 12. Bf3 exf4 13. Bxf4 Nxc2 14. Qxc2
Qb6+ 15. Qf2 Qxf2+ 16. Rxf2 Bxb3 17. Rd2 Rfd8 18. Nb5 d5 19. Nc7 Bb4 20. exd5
Rac8 21. d6 Bxd2 22. Bxd2 Rxd6 23. Bxa5 Rd7 24. Ra3 Bd1 25. Rc3 Bxf3 26. gxf3
Rd1+ 0-1

[Event "ENCI Limburg-open A"]
[Site "Maastricht"]
[Date "2009.05.31"]
[Round "4"]
[White "Lafosse, Jimmy"]
[Black "Schiffers, Sascha"]
[Result "0-1"]
[WhiteElo "2039"]
[BlackElo "2139"]
[PlyCount "38"]
[EventDate "2009.05.29"]
[EventType "swiss"]
[EventRounds "7"]
[EventCountry "NED"]
[Source "P.Boonen"]
[SourceDate "2010.01.01"]

1. e4 e5 2. Nf3 Nc6 3. Bc4 Nf6 4. d4 exd4 5. e5 d5 6. Bb5 Ne4 7. Nxd4 Bc5 8.
O-O O-O 9. Nxc6 bxc6 10. Bxc6 Ba6 11. Qxd5 Bxf1 12. Qxe4 Qd1 13. Nc3 Rad8 14.
Bd5 Bd3+ 15. Nxd1 Bxe4 16. Be3 Rxd5 17. Nc3 Bxe3 18. Nxd5 Bxf2+ 19. Kxf2 Bxd5
0-1

[Event "ENCI Limburg-open A"]
[Site "Maastricht"]
[Date "2009.05.31"]
[Round "4"]
[White "Lambrechts, Koen"]
[Black "Koch, Markus"]
[Result "1-0"]
[WhiteElo "2174"]
[BlackElo "2007"]
[PlyCount "105"]
[EventDate "2009.05.29"]
[EventType "swiss"]
[EventRounds "7"]
[EventCountry "NED"]
[Source "P.Boonen"]
[SourceDate "2010.01.01"]

1. e4 d5 2. exd5 Qxd5 3. Nc3 Qd6 4. d4 Nf6 5. Nf3 a6 6. g3 b5 7. Bg2 Bb7 8. O-O
e6 9. Re1 c5 10. Bf4 Qd8 11. dxc5 Qxd1 12. Raxd1 Bxc5 13. Ne5 Bxg2 14. Kxg2 Bb4
15. Bd2 O-O 16. Ne4 Be7 17. Bg5 Ra7 18. c3 Rc7 19. Kf3 Nc6 20. Nxc6 Rxc6 21.
Nxf6+ Bxf6 22. Bxf6 gxf6 23. Re4 f5 24. Rb4 Kg7 25. Rdd4 Rc5 26. a4 bxa4 27.
Rxa4 a5 28. Rdc4 Rxc4 29. Rxc4 Rb8 30. b4 a4 31. b5 Rxb5 32. Rxa4 Rc5 33. c4
Kf6 34. Ke3 Ke5 35. f4+ Kd6 36. Kd4 Rc7 37. Ra6+ Ke7 38. Ra2 f6 39. c5 Kd7 40.
Ra6 Rc6 41. Ra7+ Rc7 42. Ra2 Kc6 43. Ra6+ Kd7 44. Kc4 Rc6 45. Ra2 Rc8 46. Rd2+
Kc7 47. Rd6 Re8 48. Ra6 Kb7 49. Kb5 e5 50. c6+ Kc7 51. Kc5 e4 52. Ra7+ Kb8 53.
Kb6 1-0

[Event "ENCI Limburg-open A"]
[Site "Maastricht"]
[Date "2009.05.31"]
[Round "4"]
[White "Larmuseau, Michiel"]
[Black "Arnaudov, G Petar"]
[Result "0-1"]
[WhiteElo "2041"]
[BlackElo "2449"]
[PlyCount "102"]
[EventDate "2009.05.29"]
[EventType "swiss"]
[EventRounds "7"]
[EventCountry "NED"]
[Source "P.Boonen"]
[SourceDate "2010.01.01"]

1. e4 c5 2. Nc3 a6 3. a4 Nc6 4. f4 e6 5. d3 d6 6. g3 g6 7. Bg2 Bg7 8. Nge2 Nge7
9. O-O O-O 10. Be3 Nd4 11. Qd2 Rb8 12. Bf2 Qa5 13. Nxd4 cxd4 14. Nb1 Qc7 15. c3
Nc6 16. c4 Qb6 17. Be1 a5 18. Na3 Bd7 19. Nb5 Qc5 20. Qd1 f5 21. exf5 gxf5 22.
Qb3 Kh8 23. Qa3 Nb4 24. Bxb4 axb4 25. Qa2 Rf7 26. Rae1 Re8 27. b3 Bc6 28. Qe2
e5 29. Qh5 Ref8 30. fxe5 dxe5 31. g4 Bxg2 32. Kxg2 Qc6+ 33. Kg1 Bh6 34. g5 Bxg5
35. Qf3 Be3+ 36. Kh1 Qxf3+ 37. Rxf3 e4 38. Rexe3 dxe3 39. Rxe3 exd3 40. Rxd3 f4
41. Kg2 Rg7+ 42. Kf3 Rg1 43. Nd6 Rf1+ 44. Kg2 Rb1 45. Nxb7 f3+ 46. Rxf3 Rxf3
47. Kxf3 Rxb3+ 48. Ke4 Ra3 49. Nc5 b3 50. Kd3 b2+ 51. Kc2 Rc3+ 0-1

[Event "ENCI Limburg-open A"]
[Site "Maastricht"]
[Date "2009.05.31"]
[Round "4"]
[White "Nabuurs, Joep"]
[Black "Seip, Rien"]
[Result "1-0"]
[WhiteElo "2227"]
[BlackElo "2014"]
[PlyCount "107"]
[EventDate "2009.05.29"]
[EventType "swiss"]
[EventRounds "7"]
[EventCountry "NED"]
[Source "P.Boonen"]
[SourceDate "2010.01.01"]

1. e4 e6 2. Nf3 d5 3. e5 c5 4. b4 c4 5. c3 f6 6. d3 cxd3 7. Bxd3 fxe5 8. Nxe5
Nf6 9. Bg5 Bd6 10. Qe2 O-O 11. f4 Qc7 12. O-O Nc6 13. Nxc6 bxc6 14. g3 e5 15.
fxe5 Bxe5 16. Bf4 Ng4 17. Bxe5 Rxf1+ 18. Kxf1 Nxe5 19. Bxh7+ Kh8 20. Bc2 Bg4
21. Qe3 Rf8+ 22. Kg2 Qf7 23. Nd2 Qh5 24. Re1 Qh3+ 25. Kg1 Re8 26. Qg5 Bf3 27.
Qh4+ Qxh4 28. gxh4 Bh5 29. Kg2 Kg8 30. Nb3 Ng4 31. Rxe8+ Bxe8 32. Nd4 Kf7 33.
Kg3 Ne5 34. Kf4 Kf6 35. Nf3 Nxf3 36. Kxf3 Ke5 37. Ke3 Bd7 38. Bg6 Kf6 39. Bh5
Ke5 40. a3 Bc8 41. Be8 Kd6 42. Kf4 Ba6 43. h5 Be2 44. Kg5 Bd3 45. Bg6 Be4 46.
h4 c5 47. Bxe4 dxe4 48. Kf4 cxb4 49. cxb4 Kd5 50. Ke3 Kc4 51. Kxe4 Kb3 52. Kf5
Kxa3 53. Kg6 Kxb4 54. Kxg7 1-0